000 00958cam a2200265 4500
001 X111104
008 000000n2001 000 0 eng u
035 _a(Sirsi) u111104
100 _aHorrocks, T.
245 _aHow far after Cottingham?
260 _c2001
490 _aSolicitors' Journal
_v145(6) 16 February 2001, 138-139(2)
520 _aIn the light of "Cottingham v Attey Bower & Jones (a firm)" (2000) examines the needs for conveyancers to obtain copies of building regulation consents for work carried out on residential properties. Sets out a possible risk management strategy for conveyancers.
590 _aABS
650 _aCOTTINGHAM V ATTEY BOWER
650 _aBUILDING REGULATION CONSENTS
650 _aBUILDING ACT 1984 S36(6)
650 _aRISK MANAGEMENT
650 _aSTRATEGY
650 _aSOLICITORS
650 _aNEGLIGENCE
650 _aCONVEYANCING
690 _aPROFESSIONAL PRACTICE-NEGLIGENCE
942 _n0
999 _c66193
_d66193